Biblioteca y Centro de Documentación

La Universidad como debiera ser propuestas desde el desarrollo humano para repensar la calidad de la Universidad = The University as it might be contributions of a human development approach to rethinking quality of universities (Registro nro. 41657)

Detalles MARC
000 -CABECERA
Longitud fija campo de control 01134naa a2200289 c 4500
001 - NÚMERO DE CONTROL
Número de control 41657
003 - IDENTIFICADOR DE NÚMERO DE CONTROL
Identificador del número de control ES-MaCES
005 - FECHA Y HORA DE LA ÚLTIMA TRANSACCIÓN
Fecha y hora de la última transacción 20110428094300.0
008 - CAMPO FIJO DE DESCRIPCIÓN FIJA--INFORMACIÓN GENERAL
Códigos de información de longitud fija   110428n2011 sp t 000 | spa d
035 ## - NÚMERO DE CONTROL DEL SISTEMA
Número de control del sistema CES20110005498v
040 ## - FUENTE DE CATALOGACIÓN
Centro catalogador de origen ES-MaCES
Lengua de catalogación spa
Centro transcriptor ES-MaCES
100 1# - ENCABEZAMIENTO PRINCIPAL--NOMBRE PERSONAL
Nombre de persona Boni, Alejandra
9 (RLIN) 8037
245 13 - MENCIÓN DE TÍTULO
Título La Universidad como debiera ser propuestas desde el desarrollo humano para repensar la calidad de la Universidad = The University as it might be contributions of a human development approach to rethinking quality of universities
Mención de responsabilidad, etc. Alejandra Boni, Des Gasper
500 ## - NOTA GENERAL
Nota general Resumen
650 #4 - ASIENTO SECUNDARIO DE MATERIA--TÉRMINO DE MATERIA
Término de materia o nombre geográfico como elemento inicial organización de la investigación
9 (RLIN) 28836
650 #4 - ASIENTO SECUNDARIO DE MATERIA--TÉRMINO DE MATERIA
Término de materia o nombre geográfico como elemento inicial norma de calidad
9 (RLIN) 28254
650 #4 - ASIENTO SECUNDARIO DE MATERIA--TÉRMINO DE MATERIA
Término de materia o nombre geográfico como elemento inicial capital humano
9 (RLIN) 29498
650 #4 - ASIENTO SECUNDARIO DE MATERIA--TÉRMINO DE MATERIA
Término de materia o nombre geográfico como elemento inicial formación profesional
9 (RLIN) 27394
650 #4 - ASIENTO SECUNDARIO DE MATERIA--TÉRMINO DE MATERIA
Término de materia o nombre geográfico como elemento inicial enseñanza superior
9 (RLIN) 27379
650 #4 - ASIENTO SECUNDARIO DE MATERIA--TÉRMINO DE MATERIA
Término de materia o nombre geográfico como elemento inicial política educativa
9 (RLIN) 27373
653 10 - TÉRMINO DE INDEXACIÓN--NO CONTROLADO
Término no controlado Educación
700 1# - ENCABEZAMIENTO SECUNDARIO--NOMBRE PERSONAL
Nombre de persona Gasper, Des
9 (RLIN) 13185
773 0# - ENTRADA DE DOCUMENTO FUENTE
Título Sistema
Parte(s) relacionada(s) n. 220 (en. 2011){10278 R. 078744}; p. 99-115
Número de control del registro relacionado (ES-MaCES)25730
Itemnumber del ítem fuente 70357
902 ## - CES. TIPO DE DOCUMENTO
Tipodoc (006$c Sirtex) ART Artículo de revista
942 ## - ELEMENTOS KOHA
Fuente de clasificaión o esquema Clasificación propia del CES
Koha [por defecto] tipo de item Artículos (1982-2017)
Parte de clasificación 4.0.

No hay ítems disponibles.

© CES, Consejo Económico y Social de España 2021